| 000 | 00658nam a2200217Ii 4500 | ||
|---|---|---|---|
| 003 | JO-AjNU | ||
| 008 | 230606s9999||||xx |||||||||||||| ||und|| | ||
| 020 | _a978-0-324-53942-4/0-324-53942-8 | ||
| 040 |
_aJO-AjNU _beng _erda _cJO-AjNU |
||
| 041 | _aeng | ||
| 050 | 1 | 4 | _aHB171.5.2008 |
| 100 | 3 |
_aMcguigan,james R/R.Charles Moyer/Frederick H.deB.Harris, _eauthor _91728 |
|
| 245 | 0 | 0 | _aECONOMICS FOR MANAGERS |
| 250 | _a11th ed | ||
| 264 | 3 | 1 | _aAustralia:THOMSON SOUTH-WESTERN.2008 |
| 300 | _a734p | ||
| 336 |
_atext _btxt _2rdacontent |
||
| 337 |
_aunmediated _bn _2rdamedia |
||
| 338 |
_avolume _bnc _2rdacarrier |
||
| 650 | 4 |
_a Managerial economics _91729 |
|
| 999 |
_aE912 _c912 _d912 |
||